Vogel's textbook of quantitative inorganic analysis
| Main Authors: | , , |
|---|---|
| Format: | Section = Libro |
| Language: | Undetermined Spanish |
| Published: |
London
Longman Group
1978
|
| Subjects: |
| LEADER | 00588nam a2200229Ia 4500 | ||
|---|---|---|---|
| 008 | 240830s9999 xx 000 0 und d | ||
| 020 | |a 0-582-46321-1 | ||
| 040 | |a CEDOC FIQ-RUSB / 546 B319 | ||
| 041 | |a spa | ||
| 082 | |a 546 B319 | ||
| 100 | 1 | |a Basset, John | |
| 100 | 1 | |b Mendham, J. | |
| 100 | 1 | |c Denney, R. C. | |
| 245 | 1 | 0 | |a Vogel's textbook of quantitative inorganic analysis |
| 260 | |a London |b Longman Group |c 1978 | ||
| 300 | |a 925 p. :il. | ||
| 650 | 7 | |a QUÍMICA ANALÍTICA | |
| 650 | 7 | |b MUESTREO | |
| 650 | 7 | |c IONS COMPLEJOS | |
| 942 | |c BK |2 ddc | ||
| 991 | |a TEXTO | ||
| 999 | |c 13704 | ||